[Event "IRI-ch U10"]
[Site "Chess.com INT"]
[Date "2021.01.16"]
[Round "9"]
[White "Zamani, Radvin"]
[Black "Babaei, Amirmohammad"]
[Result "0-1"]
[WhiteElo "1040"]
[BlackElo "1234"]
[PlyCount "96"]
[EventDate "2021.01.16"]
[EventType "swiss"]
[EventRounds "11"]
[EventCountry "IRI"]
[SourceTitle "EXT 2022"]
[Source "ChessBase"]
[SourceDate "2021.10.06"]
[SourceVersion "1"]
[SourceVersionDate "2021.10.06"]
[SourceQuality "1"]

1. e4 c5 2. Nf3 d6 3. Bb5+ Bd7 4. Bxd7+ Nxd7 5. d3 Ngf6 6. Nc3 e6 7. 0-0 Be7 8. Re1 0-0 9. Bf4 Nb6 10. e5 dxe5 11. Bxe5 Nbd5 12. Ne4 Nd7 13. Bc3 b5 14. Bd2 N7f6 15. Nxf6+ Bxf6 16. c3 b4 17. Ne5 Qc7 18. d4 Rfd8 19. Qf3 Nxc3 20. bxc3 bxc3 21. Qxc3 Rxd4 22. Nf3 Rd5 23. Qe3 Bxa1 24. Rxa1 c4 25. Rc1 Rad8 26. g3 Rd3 27. Qe2 Qb7 28. Be3 Qd5 29. Rf1 c3 30. Kg2 Qe4 31. Rb1 Rxe3 32. Qxe3 Qxb1 33. Qxc3 Qxa2 34. Qc7 Rf8 35. Qc5 Qa6 36. Qb4 Qc6 37. Qd4 a5 38. Qa1 a4 39. Qa3 Ra8 40. Kf1 Qc4+ 41. Kg2 Qb3 42. Qa1 a3 43. Nd2 Qb2 44. Qxb2 axb2 45. Nb1 Ra1 46. Nc3 Rc1 47. Na2 Rc8 48. Nb4 b1Q 0-1